Me dijo mi Puerto Rico (Record no. 9167)
[ view plain ]
| 000 - LÍDER | |
|---|---|
| campo de control de longitud fija | 01908nam a2200145Ia 4500 |
| 008 - ELEMENTOS DE DATOS DE LONGITUD FIJA - INFORMACIÓN GENERAL | |
| campo de control de longitud fija | 0000002007 pr d 0000000000eng00 |
| 090 ## - NÚMERO DE LLAMADA DE TIPO LC LOCALMENTE ASIGNADO (OCLC) | |
| Número de clasificación (OCLC) (R) | PPR02 M22 |
| 245 10 - TÍTULO DECLARACIÓN | |
| Título | Me dijo mi Puerto Rico |
| Resto del título | : Master Painters of the Island, 1780-1952, exhibition images, checklist [Disco compacto] |
| 260 ## - PUBLICACIÓN, DISTRIBUCIÓN | |
| Lugar de publicación | New Jersey : The Newark Museum |
| Fecha de publicación | 2007 |
| 300 ## - DESCRIPCIÓN FÍSICA | |
| Alcance | 1 CD ROM bajo Windows ; 12 cm. |
| 500 ## - NOTA GENERAL | |
| Nota general | Exposición realizada en The Newark Museum, New Jersey, Febrero 16 Abril 15, 2007 |
| 505 ## - NOTA DE CONTENIDO FORMATEADA | |
| Nota sobre el contenido formateado | José Campeche y Jordán : San José y el Niño Jesús, Retrato de Dama, Retrato de un Capitán General, Dama a caballo, San Clemente, Obispo Don Felipe José de Trespalacios, Doña María Catalina de Urrutia, Las Benditas ánimas del Purgatorio, Virgen de Belén, Retrato de un Letrado, Obispo Don Francisco de la Cuerda y García, Gobernador Don Ramón de Castro, EXvoto del sitio de San Juan por los ingleses Ramón Atiles y Pérez : Carmen Hernández de Araujo Francisco Oller y Cestero : Manuel Sicardó y Osuna, Coronel Francisco Enrique Contreras, La Central Plazuela , Hacienda La Fortuna, La ceiba de Ponce, Autorretrato, La escuela del maestro Rafael Cordero, Bodegón con cocos, Bodegón con plátanos y guineos, Hacienda Aurora, 18981899, Paisaje con bohío, Bodegón con aguacates y utensilios, Gobernador George W. Davis, Guayabas, Paisaje con palma real, Higueras Manuel E. Jordán: Escena de la Guerra Hispanoamericana José Cuchí y Arnau: Pomarrosas FéliX Medina González : Cañas de azúcar Ramón Frade León : Caracolillo Miguel Pou y Becerra : Lavanderas, Jardín estudio, Los coches de Ponce, Mi hijo Jaime, La promesa, Vista desde mi estudio, Lejanías de Villalba (tríptico), Raza soñadora Retrato de Ciquí, Vendedor de hamacas, Autorretrato (SelfPortrait), Fábrica de cemento |
| 650 14 - ENTRADA DE SUJETO AÑADIDO - TÉRMINO TÓPICO | |
| Término tópico o elemento de entrada del nombre geográfico | ARTE PUERTORRIQUEÑO CDROM |
| 650 14 - ENTRADA DE SUJETO AÑADIDO - TÉRMINO TÓPICO | |
| Término tópico o elemento de entrada del nombre geográfico | PINTURA PUERTORRIQUEÑA CDROM |
| Estado de retirada | Pérdida de estatus | Estado dañado | No para préstamo | Código de recogida | Ubicación permanente | Ubicación actual | Ubicación de las estanterías | Fecha de adquisición | Número de llamada completo | Código de barras | Fecha de la última vez que se vio | Número de copia | Precio efectivo desde | Tipo de artículo Koha |
|---|---|---|---|---|---|---|---|---|---|---|---|---|---|---|
| General | ArtNexus | ArtNexus | General | 06/09/2022 | P-PR-02 M22 | 9171 | 06/09/2022 | Ej.1 | 06/09/2022 | CD-ROM |